书目信息 |
| 题名: |
猪传染病防治图谱
|
|
| 作者: | 张苏华等主编 | |
| 分册: | ||
| 出版信息: | 上海 上海科学技术出版社 2007.05 |
|
| 页数: | 130页 | |
| 开本: | 20cm | |
| 丛书名: | ||
| 单 册: | ||
| 中图分类: | S858.28 , S858.28-64 | |
| 科图分类: | ||
| 主题词: | 兽医学 | |
| 电子资源: | ||
| ISBN: | 978-7-5323-8832-5 | |
| 000 | 01943nam0 2200301 450 | |
| 001 | 0748928921 | |
| 005 | 20110112172324.0 | |
| 010 | @a978-7-5323-8832-5@b@dCNY25.00 | |
| 092 | @aCN | |
| 100 | @a20070714d km y0chiy0120 ea | |
| 101 | 0 | @achi |
| 102 | @aCN@b110000 | |
| 105 | @aa z 000yy | |
| 106 | @ar | |
| 200 | 1 | @a猪传染病防治图谱@Azhu chuan ran bing fang zhi tu pu@f张苏华等主编@Fzhang su hua deng zhu bian |
| 210 | @a上海@c上海科学技术出版社@d2007.05 | |
| 215 | @a130页@d20cm | |
| 327 | @a一、病毒性传染病(一)猪瘟(二)猪繁殖与呼吸综合征(蓝耳病)(三)猪伪狂犬病(四)猪圆环病毒病(五)口蹄疫(六)猪传染性胃肠炎(七)猪流行性腹泻(八)猪轮状病毒病(九)猪细小病毒病(十)流行性乙型脑炎二、细菌性传染病(一)猪链球菌病(二)猪附红细胞体病(三)猪丹毒(四)气喘病(五)猪肺疫(六)猪传染性胸膜肺炎(七)猪传染性萎缩性鼻炎(八)仔猪黄痢、白痢(九)猪水肿病(十)猪沙门氏菌病(十一)猪渗出性皮炎(十二)猪痢疾(十三)猪梭菌性肠炎(十四)猪增生性肠炎(十五)副猪嗜血杆菌病(十六)猪衣原体病三、寄生虫性传染病(一)弓形虫病(二)猪隐孢子虫病(三)猪囊尾蚴病(四)猪球虫病(五)猪蛔虫病(六)猪鞭虫病(七)猪肺丝虫病(八)猪疥癣附录(一)猪疫病防治的主要措施(二)常用诊疗技术(三)猪病的实验室诊断技术(四)母猪繁殖障碍性疾病的特征及发生原因(五)猪腹泻的特点及发生原因(六)猪呼吸异常性疾病的特点及发生原因 | |
| 330 | @a本图谱为猪常见传染病的诊断与防治方面的工具书,介绍猪的病毒性传染病10种、细菌性传染病16种、寄生虫性传染病8种,特别对猪链球菌病、猪圆环病毒病、猪增生性肠炎、副猪嗜血杆菌病等近几年的热点和难点传染病的介绍较为全面,对读者具有较强的参考作用。另外,书中附有猪疫病防治的主要措施、常用诊疗技术、猪病的实验室诊断技术等内容。本书图文并茂,附有彩色照片286余幅,以临床症状和病理变化为主,症状典型,实用价值高。 | |
| 606 | 0 | @a兽医学 |
| 690 | @aS858.28@v4@v4 | |
| 690 | @aS858.28-64@v5 | |
| 701 | 0 | @a@A@4@Awang jian |
| 701 | 0 | @a@A@4@Aliu pei hong |
| 701 | 0 | @a张苏华@Azhang su hua@4主编@Azhang su hua |
| 801 | 0 | @aCN@b树人教育@c20110112 |
| 905 | @aBZT@dS858.28-64@e2 | |
| 906 | @d25@n0@r1 | |
| 猪传染病防治图谱/张苏华等主编.-上海:上海科学技术出版社,2007.05 |
| 130页;20cm |
| 部分内容:一、病毒性传染病(一)猪瘟(二)猪繁殖与呼吸综合征(蓝耳病)(三)猪伪狂犬病(四)猪圆环病毒病(五)口蹄疫(六)猪传染性胃肠炎(七)猪流行性腹泻(八)猪轮状病毒病(九)猪细小病毒病(十)流行性乙型脑炎二、细菌性传染病(一)猪链球菌病(二)猪附红细胞体病(三)猪丹毒(四)气喘病(五)猪肺疫(六)猪传染性胸膜肺炎(七)猪传染性萎缩性鼻炎(八)仔猪黄痢、白痢(九)猪水肿病(十)猪沙门氏菌病(十一)猪渗出性皮炎(十二)猪痢疾(十三)猪梭菌性肠炎(十四)猪增生性肠炎(十五)副猪嗜血杆菌病(十六)猪衣原体病三、寄生虫性传染病(一)弓形虫病(二)猪隐孢子虫病(三)猪囊尾蚴病(四)猪球虫病(五)猪蛔虫病(六)猪鞭虫病(七)猪肺丝虫病(八)猪疥癣附录(一)猪疫病防治的主要措施(二)常用诊疗技术(三)猪病的实验室诊断技术(四)母猪繁殖障碍性疾病的特征及发生原因(五)猪腹泻的特点及发生原因(六)猪呼吸异常性疾病的特点及发生原因 |
| ISBN 978-7-5323-8832-5:CNY25.00 |
| 本图谱为猪常见传染病的诊断与防治方面的工具书,介绍猪的病毒性传染病10种、细菌性传染病16种、寄生虫性传染病8种,特别对猪链球菌病、猪圆环病毒病、猪增生性肠炎、副猪嗜血杆菌病等近几年的热点和难点传染病的介绍较为全面,对读者具有较强的参考作用。另外,书中附有猪疫病防治的主要措施、常用诊疗技术、猪病的实验室诊断技术等内容。本书图文并茂,附有彩色照片286余幅,以临床症状和病理变化为主,症状典型,实用价值高。 |
| ● |
| 相关链接 |
|
|
|
正题名:猪传染病防治图谱
索取号:S858.28-64/2
 
预约/预借
| 序号 | 登录号 | 条形码 | 馆藏地/架位号 | 状态 | 备注 |
| 1 | 751491 | 2000751491 | 样本书库/样002架B面3层2列/ [索取号:S858.28-64/2] | 在馆 | |
| 2 | 751492 | 2000751492 | 中心书库中库/ 中库031架A面7列4层69/ [索取号:S858.28-64/2] | 在馆 | |
| 3 | 751493 | 2000751493 | 中心书库中库/ 中库031架A面7列4层74/ [索取号:S858.28-64/2] | 在馆 | |
| 4 | 751494 | 2000751494 | 中心书库中库/ 中库031架A面7列4层79/ [索取号:S858.28-64/2] | 在馆 | |
| 5 | 751495 | 2000751495 | 中心书库中库/ 中库031架B面7列6层6/ [索取号:S858.28-64/2] | 在馆 | |
| 6 | 751496 | 2000751496 | 中心书库中库/ 中库031架B面7列6层12/ [索取号:S858.28-64/2] | 在馆 |